000 00839cam a2200277 a 4500
001 1460986
003 BD-DhUL
005 20160517180658.0
008 860508s1987 enka b 001 0 eng
010 _a 86012924
020 _a0631151397 :
_c$45.00 (U.S.)
040 _cBD-DhUL
_dBD-DhUL
050 0 0 _aHG6024.A3
_bS74 1987
082 0 0 _a332.644
_219
_bSTE
100 1 _aStein, Jerome L.
245 1 4 _aThe economics of futures markets /
_cJerome L. Stein.
260 _aOxford, UK ;
_aNew York, NY, USA :
_bB. Blackwell,
_c1987, c1986.
300 _avi, 249 p. :
_bill. ;
_c24 cm.
500 _aIncludes index.
504 _aBibliography: p. [240]-244.
650 0 _aFutures market.
650 0 _aCommodity exchanges.
650 0 _aFinancial futures.
906 _a7
_bcbc
_corignew
_d1
_eocip
_f19
_gy-gencatlg
942 _2ddc
_cBK
999 _c66923
_d66923